000 00402nam a2200157Ia 4500
008 160316s9999 xxu||||| |||| 00| 0 eng d
082 _a362.740400
_bNEG
100 _a
245 _aNeglected deliquent children of India: A study
250 _a
260 _a
_b
_c0
300 _a34
_b
_c
365 _b
650 _a1. neglected children 2. deliquent children 3. conflict with law
700 _a
_a
999 _c34207
_d34207